000 00579cam a2200193 4500500
005 20260405003802.0
041 _afre
042 _adc
100 1 0 _aEnjalbert, Cédric
_eauthor
245 0 0 _a“Le Jardin des délices” : temps suspondu
260 _c2023.
500 _a79
690 _aBosch
690 _aÉlie During
690 _aTemps
690 _aThéâtre
786 0 _nPhilosophie magazine | 173 | 10 | 2023-10-01 | p. 72-73 | 1951-1787
856 4 1 _uhttps://shs.cairn.info/magazine-philosophie-magazine-2023-10-page-72?lang=fr&redirect-ssocas=7080
999 _c2070806
_d2070806